Record Details

The Little Broomstict

Mary Stewart (Author).

Record details

  • ISBN: 9781444940190
  • Physical Description: Paperback
  • Publisher: London Hodder Children's Book 2018
Subject: Witches

Available copies

  • 1 of 1 copy available at Headquarters.
Location Call Number / Copy Notes Barcode Shelving Location Status Due Date
Accra Central Library 201 JFIC/STE 000000196192 Childrens' Fiction - CHN Available -

No reviews or recommendations are currently available.
Select a content type above to view it.

Loading shelf browser…

LDR 00620cam a2200205Ka 4500
0012030
003HQ
00520191217222424.0
008070101s enka gr6 1 eng d
020 . ‡a9781444940190
037 . ‡aBook Aid
082 . ‡aJFIC/STE
100 . ‡aMary Stewart
245 . ‡aThe Little Broomstict
260 . ‡aLondon ‡bHodder Children's Book ‡c2018
300 . ‡aPaperback
650 . ‡aWitches
901 . ‡a2030 ‡bAUTOGEN ‡c2030 ‡tbiblio

Session Timeout

Your session will expire in minutes and seconds.

If you need more time, please click "Continue Session."

Session Ended

Your session has ended. Redirecting to the home page...